000 005410000a22001810004500
041 0 _aSPA
082 0 4 _aG 270.92 S6779c
100 1 _aSobrino, Jon
245 1 0 _aCristología desde América Latina : Esbozo a partir del seguimiento del Jesús histórico / Jon Sobrino
250 _a2 ed. corregida y aumentada
260 _aMexico : Centro de reflexión teológica
300 _a330 Pag
001 8558
942 _cBK
999 _c38695
_d38695
336 _atexto
_btxt
_2rdacontent
337 _2rdamedia
_asin mediación
_bn
338 _2rdacarrier
_avolumen
_bnc